Things That are Deep - Statistics

General Stats
  • This quiz has been taken 25 times
    6 since last reset
  • The average score is 12 of 20
Answer Stats
Clue Answer % Correct
Type of washing that goes further than a quick wipe Deep clean
100%
Pizza Chicago style Deep dish
100%
What is the deepest stage of sleep? REM
100%
What is the deepest singing voice called? Bass
80%
Images, videos, or audio which are edited or generated using artificial intelligence tools, and which may depict real or non-existent people Deep fake
80%
Keep food in this to preserve it and keep it cold Deep freezer
80%
A lot of fast food and unhealthy snacks come out of this Deep fryer
80%
In this 1998 movie a comet is on collision course with Earth Deep Impact
80%
At 220 meters deep, what is the worlds deepest river (it is in Africa) Congo
60%
Movie about a woman performing fellatio Deep throat
60%
Deepest point on Earth Mariana trench
60%
Lord Byron, Edgar Allen Poe, Shakespeare, and Robert Frost wrote some deep ones of these Poems
60%
Regular search engines don't search this part of the internet Deep web
40%
What is the world's deepest lake at 1700 meters? Lake Baikal
40%
In what east Asian country do you find the deepest metro station at 110 meters? North Korea (Pyongyang)
40%
Kola superdeep borehole SG-3 is the deepest man made hole in Earth made by the Soviets. To the nearest kilometer, how deep is it? 12.262 meter
20%
Machine from Hitchhikers guide to the galaxy whose answer was '42' Deep tought
20%
At 2209 meters deep the Veryovkina Cave is world's deepest cave, in what former Soviet country can you find this cave? Georgia
20%
The USS Samuel B Roberts sank in 1944 to a depth of 6.895 m during the Battle of Samar making it the world's deepest wreck. In what Asian sea did it sink? Philippine sea
20%
One of the world's deepest hues of black Vanta-black
20%
No matching quizzes found
Score Distribution
Percent of People with Each Score
Percentile by Number Answered
Your Score History
You have not taken this quiz since the last reset